| 000 | 00799nam0a22002411 4500 | ||
|---|---|---|---|
| 001 | rc\2844980 | ||
| 005 | 20250529203358.0 | ||
| 035 | _a(NLR Aleph) 007000873 | ||
| 090 |
_a5719411 _c5719411 |
||
| 100 | _a20110701d1928 |||y0rusy50 ca | ||
| 101 | 0 | _arus | |
| 102 | _aRU | ||
| 105 | _ay z ||||| | ||
| 200 | 1 |
_aЖизнь учит _eПовесть _fПетр Орешин |
|
| 210 |
_aМосква _aЛенинград _cГос. изд-во _d1928 _eМосква _g1-я Образцовая тип. |
||
| 215 |
_a243, [2] с., [3] с. объявл. _d20х14 см |
||
| 300 | _aВ переплете-папке | ||
| 700 | 1 |
_aОрешин _bП.В. _f1887-1938 _gПетр Васильевич |
|
| 801 | 0 |
_aRU _bNLR _gpsbo |
|
| 801 | 1 |
_aRU _bELAR _2rusmarc |
|
| 852 |
_aNLR _j58/277 |
||
| 942 | _cBOOK | ||
| 980 | _aNB | ||